| 000 | 02113nam a22002537a 4500 | ||
|---|---|---|---|
| 003 | Uzh_bibl | ||
| 008 | 250423b |||||||| |||| 00| 0 ukr d | ||
| 020 |
_a978-966-2276-00-8 _c35.00 |
||
| 040 | _bукр. | ||
| 041 |
_2eng _aukr |
||
| 080 | _a94(477) | ||
| 090 |
_a94(477) _bК-64 |
||
| 100 | _aКонквест, Роберт | ||
| 245 |
_aВеликий терор.Сталінські чистки тридцятих років _cпер. з англ. Н. Волошинович, З. Кораблінова _hТекст |
||
| 260 |
_aЛуцьк _bВМА "Терен" _c2009 |
||
| 300 |
_a456 с. _fВ опр. |
||
| 520 | _aКнига Роберта Конквеста «Великий терор» – одне з наймасштабніших досліджень сталінської тиранії 30-х років ХХ століття. Видатний американський науковець-совєтолог проаналізував методи й засоби масових розправ із неугодними в СРСР, зокрема, й в Україні, репресії та переслідування в середовищі комуністичної партії та самих каральних органів імперії. У книзі «Великий терор» йдеться про створення небаченого досі механізму для організації терору держави проти власних громадян, арештів, катувань у тюрмах, знущань у концлагерях Сибіру. Бестселлер Роберта Конквеста витримав десятки перевидань у світі, він вперше перекладений українською мовою. | ||
| 521 | _aДля загалу читачів. | ||
| 546 | _aукр. | ||
| 650 | _aНауково-популярне видання | ||
| 653 |
_aРепресії _aЖіноча доля _aКолима |
||
| 655 | _aІсторична література | ||
| 942 |
_2udc _cBK |
||
| 999 |
_c17466 _d17466 |
||